[Event "Ubeda op"]
[Site "Ubeda"]
[Date "1997.??.??"]
[Round "8"]
[White "Stojanovic, Mihajlo"]
[Black "Ibragimov, Ildar"]
[Result "0-1"]
[WhiteElo "2445"]
[BlackElo "2555"]

1.d4 d5 2.c4 dxc4 3.e3 Nf6 4.Bxc4 e6 5.Nf3 c5 6.Qe2 a6 7.dxc5 Bxc5 8.e4 Nc6
9.e5 Ng4 10.O-O Nd4 11.Nxd4 Qxd4 12.Nd2 Nxe5 13.Nb3 Qxc4 14.Qxe5 Bf8 15.Rd1 f6
16.Qg3 e5 17.f4 Qe2 18.Be3 Qg4 19.Qe1 Be7 20.fxe5 O-O 21.exf6 Rxf6 22.Bc5 Bxc5+
23.Nxc5 Bf5 24.Qe5 Raf8 25.Rd4 Qg6 26.Rad1 h6 27.h4 Bg4 28.R1d2 Kh7 29.Nxb7 Re8
30.Qg3 Qb1+ 31.Kh2 Bf5 32.Rd6 Re1 33.Qf2 Be6 34.Qd4 Rh1+ 35.Kg3 Qg6+  0-1

[Event "Ubeda op"]
[Site "Ubeda"]
[Date "1997.??.??"]
[Round "9"]
[White "Ibragimov, Ildar"]
[Black "Buturin, Vladimir"]
[Result "1/2-1/2"]
[WhiteElo "2555"]
[BlackElo "2465"]

1.d4 d5 2.c4 e6 3.Nc3 Nf6 4.Bg5 Nbd7 5.e3 c6 6.cxd5 exd5 7.Bd3 Be7 8.Nf3 O-O
9.Qc2 Re8 10.O-O Nf8 11.Ne5 Ng4 12.Bxe7 Qxe7 13.Nxg4 Bxg4 14.Rae1 Bh5 15.f4 f6
16.f5  1/2-1/2

[Event "RUS-Cup02"]
[Site "Moscow"]
[Date "1998.01.23"]
[Round "3"]
[White "Shariyazdanov, Andrey"]
[Black "Ibragimov, Ildar"]
[Result "1/2-1/2"]
[WhiteElo "2495"]
[BlackElo "2590"]

1.d4 Nf6 2.c4 e6 3.Nf3 d5 4.Nc3 Bb4 5.Bg5 h6 6.Bxf6 Qxf6 7.Qa4+ Nc6 8.e3 O-O
9.Rc1 Rd8 10.cxd5 exd5 11.Bb5 a5 12.a3 Bf8 13.Bxc6 bxc6 14.O-O Bd6 15.e4 Bf4
16.Rce1 Bg4 17.Ne5 Bxe5 18.dxe5 Qg6 19.f3 Bh3 20.Rf2 dxe4 21.Nxe4 Rd5 22.f4 Bf5
23.Ng3 Rad8 24.Rc1 Bd7 25.f5 Qg5 26.Re1 Re8 27.Ne4 Qd8 28.e6 fxe6 29.f6 Rf8
30.Ref1 Be8 31.fxg7 Rxf2 32.Nxf2 Qg5 33.Qb3 Kxg7 34.Ne4 Qe5 35.Qf3 Qd4+ 36.Kh1 Rf5
37.Qg3+ Kf8 38.Nf2 Qf4 39.Qc3 h5 40.Kg1 h4 41.g3 hxg3 42.hxg3 Qg5 43.Re1  1/2-1/2

[Event "New York op"]
[Site "New York"]
[Date "1998.03.20"]
[Round "7"]
[White "Georgiev, Kiril"]
[Black "Ibragimov, Ildar"]
[Result "1-0"]
[WhiteElo "2675"]
[BlackElo "2590"]

1.d4 d5 2.c4 dxc4 3.e3 e6 4.Bxc4 c5 5.Nf3 a6 6.O-O Nf6 7.Bb3 b5 8.a4 b4 9.Nbd2 Bb7
10.e4 cxd4 11.e5 Nfd7 12.Nc4 Be7 13.Qxd4 Nc5 14.Qxd8+ Kxd8 15.Bc2 Nbd7 16.b3 Bd5
17.Nfd2 f6 18.exf6 Bxf6 19.Rb1 Ne5 20.Nb6 Rb8 21.a5 Nc6 22.Ndc4 Nd4 23.Be3 Bxc4
24.Nxc4 Ke7 25.Rfd1 Rhd8 26.Kf1 g6 27.Rd2 Ke8 28.Bf4 Rb5 29.Nd6+ Rxd6 30.Bxd6 Rxa5
31.f4 Kf7 32.Be5 Nc6 33.Re1 Nxe5 34.fxe5 Bg5 35.Rd4 Ra3 36.h4 Bh6 37.Rc4 Nxb3
38.Rxb4 Nd2+ 39.Ke2 Ra2 40.Rb7+ Kg8 41.Rc7 Ra5 42.h5 Bf4 43.hxg6 hxg6 44.Kf2 Rxe5
45.Rxe5 Bxe5 46.Rd7 Nc4 47.Bxg6 Nd6 48.Re7 Bd4+ 49.Kf3 e5 50.Re6 Nc4 51.Rxa6 Kg7
52.Bd3 Nb6 53.Ra7+ Kf6 54.Rh7 Nd5 55.g3 Kg5 56.Rd7 Nf6 57.Rg7+ Kh6 58.Rg6+ Kh5
59.g4+ Kh4 60.Be4 Nd7 61.Rh6+ Kg5 62.Rh5+ Kf6 63.g5+ Ke7 64.Rh7+ Ke6 65.Kg4  1-0

[Event "New York op"]
[Site "New York"]
[Date "1998.03.21"]
[Round "8"]
[White "Akopian, Vladimir"]
[Black "Ibragimov, Ildar"]
[Result "1-0"]
[WhiteElo "2660"]
[BlackElo "2590"]

1.Nf3 d5 2.d4 Nf6 3.c4 e6 4.Nc3 Bb4 5.Bg5 h6 6.Bxf6 Qxf6 7.Qb3 c5 8.cxd5 exd5
9.e3 Nc6 10.Bb5 O-O 11.dxc5 d4 12.Bxc6 dxc3 13.Qxb4 cxb2 14.Rb1 bxc6 15.Qxb2 Qg6
16.O-O Bh3 17.Nh4 Qg5 18.Qd4 Rfd8 19.Qa4 Bg4 20.g3 Bh3 21.Rfc1 Qf6 22.Qf4 Qe6
23.Nf3 Qxa2 24.g4 Qe6 25.Nd4 Rxd4 26.exd4 Rd8 27.f3 h5 28.Re1 Qg6 29.Rb8 Rxb8
30.Qxb8+ Kh7 31.Re8 Qg5 32.Rh8+ Kg6 33.Qb1+ Kf6 34.Qf5+ Qxf5 35.gxf5 Bxf5
36.d5 Bd7 37.d6 g6 38.Ra8 Ke6 39.Rxa7  1-0

[Event "Presidents Cup"]
[Site "Elista"]
[Date "1998.05.07"]
[Round "1.1"]
[White "Ibragimov, Ildar"]
[Black "Rublevsky, Sergei"]
[Result "0-1"]
[WhiteElo "2590"]
[BlackElo "2665"]

1.d4 d5 2.c4 dxc4 3.Nf3 e6 4.e3 c5 5.Bxc4 a6 6.O-O Nf6 7.Bd3 Nbd7 8.Re1 b5
9.a4 bxa4 10.Qxa4 Bb7 11.Bd2 Bxf3 12.gxf3 cxd4 13.Qxd4 Bc5 14.Qh4 O-O 15.Bc3 Ne5
16.Bxe5 Qxd3 17.Bxf6 Qg6+ 18.Kf1 gxf6 19.Nc3 Rfb8 20.Ra4 f5 21.Ne2 Bd6 22.Rd1 Be5
23.b4 Bf6 24.Qh3 f4 25.e4 Qg5 26.Qg4 Qxg4 27.fxg4 f3 28.Ng1 Bc3 29.Rb1 a5
30.b5 Bb4 31.Nxf3 Rxb5 32.Nd4 Rb6 33.Nc6 Bc5 34.Rxb6 Bxb6 35.Ke2 Kg7 36.Ne5 Rd8
37.Nc4 Bc7 38.Ke3 e5 39.Ra1 Ra8 40.Kd3 Kf6 41.h4 Ke6 42.Kc3 Bd8 43.g5 a4
44.Ra2 Ra7 45.Rd2 Be7 46.Rd5 f6 47.gxf6 Kxf6 48.Rxe5 a3 49.Ra5 Rxa5 50.Nxa5 Kg6
51.Nc4 Kh5 52.Nxa3 Bxa3 53.Kd3 Kxh4 54.Ke2 Kh3 55.Kf1 Kh2 56.e5 h5 57.f4 h4
58.f5 Bb2 59.e6 Bf6 60.Kf2 h3 61.Kf1 Bh4  0-1

[Event "RUS-Cup06"]
[Site "Nizhnij Novgorod"]
[Date "1998.07.02"]
[Round "4"]
[White "Ibragimov, Ildar"]
[Black "Shurygin, Sergey"]
[Result "1-0"]
[WhiteElo "2590"]
[BlackElo "2305"]

1.d4 d5 2.c4 c6 3.Nc3 Nf6 4.Nf3 dxc4 5.a4 Bf5 6.Nh4 Bc8 7.e3 e5 8.Bxc4 exd4
9.exd4 Bd6 10.O-O O-O 11.Nf3 Bg4 12.h3 Bh5 13.g4 Bg6 14.Ne5 Ne4 15.Nxg6 Nxc3
16.bxc3 hxg6 17.Qd3 Kh7 18.f4 Nd7 19.f5 gxf5 20.Rxf5 Kg8 21.Bg5 Be7 22.Bxe7 Qxe7
23.Raf1 Nf6 24.Rxf6 gxf6 25.Qg6+ Kh8 26.Qh6+ Kg8 27.Rxf6  1-0

[Event "RUS-ch51"]
[Site "St Petersburg"]
[Date "1998.08.03"]
[Round "7"]
[White "Ibragimov, Ildar"]
[Black "Galliamova, Alisa"]
[Result "0-1"]
[WhiteElo "2610"]
[BlackElo "2560"]

1.c4 e5 2.Nc3 Nc6 3.Nf3 Nf6 4.a3 d5 5.cxd5 Nxd5 6.e4 Nf4 7.d3 Bg4 8.Be3 Bxf3
9.Qxf3 Nd4 10.Qd1 c6 11.g3 Nfe6 12.Bh3 Be7 13.O-O O-O 14.f4 exf4 15.gxf4 f5
16.Ne2 Bc5 17.Rc1 Bb6 18.Rc4 fxe4 19.Nxd4 Nxd4 20.dxe4 Nc2 21.Rxc2 Bxe3+
22.Kg2 Rxf4 23.Be6+ Kh8 24.Qxd8+ Rxd8 25.Rxf4 Bxf4 26.Rf2 g5 27.h4 h6 28.hxg5 hxg5
29.Kf3 Kg7 30.Rc2 Rd3+ 31.Kf2 Kf6 32.Bc8 Rb3 33.a4 a5 34.Rc5  0-1

[Event "Bayern-ch Bank Hofmann 2nd"]
[Site "Bad Wiesse"]
[Date "1998.??.??"]
[Round "1"]
[White "Taschner, Peter"]
[Black "Ibragimov, Ildar"]
[Result "0-1"]
[WhiteElo "2030"]
[BlackElo "2610"]

1.e4 e5 2.Nf3 Nc6 3.Bb5 a6 4.Ba4 Nf6 5.O-O Be7 6.Bxc6 dxc6 7.Qe1 Nd7 8.b3 c5
9.Bb2 Bd6 10.d3 Qe7 11.Nc3 Nf6 12.Qd2 Bg4 13.Ne1 O-O-O 14.a3 h5 15.Qe3 Be6
16.Qg5 h4 17.Nf3 Rh6 18.Kh1 Rg6 19.Qe3 Rh8 20.Ne2 Bd7 21.Neg1 Nh5 22.b4 Nf4
23.g3 hxg3 24.fxg3 Rxg3 25.bxc5 Bxc5 26.d4 Bb6 27.c4 Qe6 28.c5 Rxh2+  0-1

[Event "Bayern-ch Bank Hofmann 2nd"]
[Site "Bad Wiesse"]
[Date "1998.??.??"]
[Round "2"]
[White "Ibragimov, Ildar"]
[Black "Zenker, Ulrich"]
[Result "1-0"]
[WhiteElo "2610"]
[BlackElo "2220"]

1.d4 Nf6 2.c4 e6 3.Nc3 Bb4 4.e3 c5 5.Bd3 Bxc3+ 6.bxc3 d6 7.Ne2 Nbd7 8.O-O Qe7
9.e4 Nf8 10.f4 e5 11.Ng3 exd4 12.cxd4 cxd4 13.Bb2 Ng4 14.Qf3 Qh4 15.h3 Ne3
16.Rfe1 Ng6 17.Nf5 Qxf4 18.Bxd4 Qxf3 19.gxf3 Nxf5 20.exf5+ Ne7 21.Bxg7 Rg8
22.f6 Be6 23.Bxh7 Kd7 24.Bxg8 Rxg8 25.fxe7 Rxg7+ 26.Kf2 Kxe7 27.h4 Rh7 28.Re4 Rh5
29.Rb1 b6 30.Rb5 Rh8 31.h5 Kf6 32.Ke3 Rc8 33.Rf4+ Kg7 34.Kd3 Kh7 35.a4 Rc6
36.Rd4 a6 37.Rg5 Kh6 38.f4 a5 39.Rb5 Kh7 40.f5 Bc8 41.Rbd5  1-0

[Event "Cappelle op"]
[Site "Cappelle la Grande"]
[Date "1998.??.??"]
[Round "1"]
[White "Ibragimov, Ildar"]
[Black "Sziebert, Adam"]
[Result "1-0"]
[WhiteElo "2590"]
[BlackElo "2390"]

1.d4 Nf6 2.Nf3 c5 3.d5 e6 4.c4 exd5 5.cxd5 d6 6.Nc3 g6 7.e4 Bg7 8.Nd2 O-O
9.Be2 Re8 10.O-O Na6 11.Re1 Nc7 12.a4 Rb8 13.Rb1 a6 14.b4 cxb4 15.Rxb4 Ng4
16.Bxg4 Bxc3 17.Rb3 Bxg4 18.Qxg4 Qf6 19.Rd1 b5 20.Qf3 Qxf3 21.gxf3 Bxd2 22.Bxd2 bxa4
23.Ra3 Rb3 24.Rxa4 Rxf3 25.Rc1 Nb5 26.Be3 f5 27.Rxa6 Re7 28.Ra5 Nc7 29.e5 Ne8
30.e6 f4 31.Kg2 Rxe3 32.fxe3 fxe3 33.Kf3 Nf6 34.Kxe3 Kg7 35.Rc6  1-0

[Event "Cappelle op"]
[Site "Cappelle la Grande"]
[Date "1998.??.??"]
[Round "5"]
[White "Ibragimov, Ildar"]
[Black "Cosma, Ioan"]
[Result "1-0"]
[WhiteElo "2590"]
[BlackElo "2480"]

1.d4 Nf6 2.c4 e6 3.Nc3 Bb4 4.e3 c5 5.Bd3 O-O 6.Nf3 d5 7.O-O cxd4 8.exd4 dxc4
9.Bxc4 b6 10.Bg5 Bb7 11.Rc1 Bxc3 12.bxc3 Nbd7 13.Re1 Qc7 14.Bd3 Rfe8 15.c4 h6
16.Bh4 Nh5 17.Nd2 Nf4 18.Bg3 g5 19.Be4 Bxe4 20.Rxe4 Nf6 21.Bxf4 gxf4 22.Re1 e5
23.dxe5 Rxe5 24.Rxe5 Qxe5 25.Nf3 Qb2 26.h3 Qxa2 27.Qd4 Qa3 28.Re1 Kg7 29.Nh4 Qc5
30.Qxf4 Qg5 31.Nf5+ Kh7 32.Qf3 Re8 33.Ne7 Kh8 34.Qc3 Qg7 35.Qd4 a5 36.Re3 a4
37.Nf5 Rxe3 38.Nxg7 Re1+ 39.Kh2 Kxg7 40.Qxb6 a3 41.Qb3  1-0

[Event "RUS-Cup"]
[Site "Krasnodar"]
[Date "1998.??.??"]
[Round "4"]
[White "Kalugin, Sergei"]
[Black "Ibragimov, Ildar"]
[Result "1-0"]
[WhiteElo "2240"]
[BlackElo "2590"]

1.e4 g6 2.d4 Bg7 3.Nc3 c6 4.Bc4 d6 5.Qf3 e6 6.Nge2 b5 7.Bb3 a5 8.a4 b4 9.Nd1 Ba6
10.Ne3 Nf6 11.Bc4 Nxe4 12.Bxa6 Ng5 13.Qf4 e5 14.dxe5 dxe5 15.Qg3 Nxa6 16.Nf5 gxf5
17.Bxg5 Qd6 18.Qf3 f4 19.Rd1 Qg6 20.g3 Nc5 21.gxf4 Qe4 22.Qxe4 Nxe4 23.f3 Nxg5
24.fxg5 h6 25.g6 fxg6 26.Rd6 g5 27.Ng3 O-O 28.Ke2 e4 29.fxe4 Rad8 30.Rhd1 Rxd6
31.Rxd6 Rf6 32.Rxf6 Bxf6 33.b3 Kf7 34.Nf5 h5 35.Nd6+ Ke6 36.Nb7 g4 37.Nxa5 Be5
38.Nxc6 Bxh2 39.Nxb4 Ke5 40.a5 Bg1 41.Nd3+ Kxe4 42.Nf2+ Kd5 43.c4+ Kc6 44.b4 g3
45.Ne4 h4 46.Kf3 Bd4 47.b5+ Kb7 48.c5 Be5 49.Kg2 Kb8 50.b6 Kb7 51.Nd6+ Ka6
52.Nc4 Bb8 53.c6 Bf4 54.Kh3 Bb8 55.Ne3 Bf4 56.Nd5  1-0

[Event "RUS-Cup"]
[Site "Krasnodar"]
[Date "1998.??.??"]
[Round "6"]
[White "Gleizerov, Evgeny"]
[Black "Ibragimov, Ildar"]
[Result "1/2-1/2"]
[WhiteElo "2545"]
[BlackElo "2590"]

1.d4 d5 2.c4 dxc4 3.e3 e6 4.Bxc4 c5 5.Nf3 a6 6.Qe2 Nf6 7.dxc5 Bxc5 8.O-O b5
9.Bd3 Nc6 10.a3 Bd6 11.Nbd2  1/2-1/2

[Event "Vienna op 13th"]
[Site "Vienna"]
[Date "1998.??.??"]
[Round "?"]
[White "Bergstrom, Rolf"]
[Black "Ibragimov, Ildar"]
[Result "0-1"]
[WhiteElo "2295"]
[BlackElo "2590"]

1.e4 e5 2.Nc3 Nf6 3.Nf3 Nc6 4.Bb5 Bb4 5.O-O O-O 6.d3 d6 7.Bg5 Bxc3 8.bxc3 Ne7
9.Nh4 Ne8 10.Bc4 Be6 11.Nf5 Bxf5 12.exf5 Kh8 13.f6 Nxf6 14.Bxf6 gxf6 15.Qf3 f5
16.Qxb7 d5 17.Bb3 a5 18.Ba4 Qd6 19.Rab1 f4 20.c4 c6 21.c5 Qe6 22.f3 Rac8
23.Rb6 Rg8 24.Ra6 Qg6 25.g4 fxg3 26.h3 Qh6 27.Qxe7 Qe3+ 28.Kg2 Qd2+ 29.Kg1 Qh2+  0-1

[Event "Vienna op 13th"]
[Site "Vienna"]
[Date "1998.??.??"]
[Round "?"]
[White "Fang, Joseph"]
[Black "Ibragimov, Ildar"]
[Result "0-1"]
[WhiteElo "2320"]
[BlackElo "2590"]

1.Nf3 Nf6 2.c4 e6 3.Nc3 Bb4 4.Qc2 O-O 5.a3 Bxc3 6.Qxc3 b6 7.g3 Bb7 8.Bg2 d5
9.cxd5 Nxd5 10.Qc2 c5 11.b3 Nc6 12.Bb2 Qe7 13.O-O Rac8 14.e3 Rfd8 15.Rfe1 f6
16.Rad1 Qf7 17.Qb1 Na5 18.Ba1 e5 19.d3 b5 20.b4 cxb4 21.axb4 Nc6 22.d4 e4
23.Qxe4 Ncxb4 24.Qf5 Nc2 25.Rf1 b4 26.Bb2 b3 27.e4 Nc3 28.Bxc3 Rxc3 29.d5 Ba6
30.e5 fxe5 31.Qxe5 Qf6 32.Qe6+ Qxe6 33.dxe6 Re8 34.Nd4 Nxd4 35.Rxd4 Bxf1  0-1

[Event "Vienna op 13th"]
[Site "Vienna"]
[Date "1998.??.??"]
[Round "?"]
[White "Glek, Igor V"]
[Black "Ibragimov, Ildar"]
[Result "1/2-1/2"]
[WhiteElo "2565"]
[BlackElo "2590"]

1.e4 e5 2.Nf3 Nc6 3.Bb5 a6 4.Bxc6 dxc6 5.O-O Qd6 6.Na3 Be6 7.Qe2 f6 8.Rd1 c5
9.c3 Bg4 10.h3 Bxf3 11.Qxf3 Ne7 12.d4 cxd4 13.cxd4 exd4 14.Bf4 Qd7 15.Rac1 Nc6
16.Nc2 Rd8 17.Qb3 Qc8 18.Ne1 Bd6 19.Nd3 Rf8 20.Bxd6 Rxd6 21.Nb4 Nd8 22.Nd5 Nc6
23.f4 Rf7 24.e5 Re6 25.exf6 gxf6 26.Rd3 Kf8 27.Nb4 Qe8 28.Nxc6 Rxc6 29.Rxc6 Qxc6
30.Rxd4 Qc5  1/2-1/2

[Event "Vienna op 13th"]
[Site "Vienna"]
[Date "1998.??.??"]
[Round "?"]
[White "Ibragimov, Ildar"]
[Black "Farago, Ivan"]
[Result "1-0"]
[WhiteElo "2590"]
[BlackElo "2475"]

1.d4 Nf6 2.c4 e6 3.Nc3 Bb4 4.e3 O-O 5.Bd3 d5 6.a3 dxc4 7.Bxc4 Bd6 8.Nf3 Nc6
9.O-O e5 10.h3 h6 11.Qc2 Re8 12.b4 a6 13.Bb2 Bd7 14.Bb3 Qc8 15.Nd5 Nxd5 16.Bxd5 exd4
17.Nxd4 Nxd4 18.Bxd4 Be6 19.Be4 c6 20.f4 Qc7 21.Rf3 Bb3 22.Bh7+ Kh8 23.Bxg7+ Kxg7
24.Rg3+ Kh8 25.Qc3+ Be5 26.fxe5 Kxh7 27.Qxb3 Rxe5 28.Rf1 f5 29.e4 Rf8 30.exf5 Qf7
31.Qc3 Qf6 32.Rg6 Qe7 33.f6 Qd6 34.Rg7+ Kh8 35.Qg3 Qd4+ 36.Kh2 Qe4 37.f7 Rg5
38.Rxg5 hxg5 39.Qxg5 Qh7 40.Qf6+  1-0

[Event "Geneve op"]
[Site "Geneve"]
[Date "1999.01.24"]
[Round "2"]
[White "Bucher, Denis"]
[Black "Ibragimov, Ildar"]
[Result "0-1"]
[WhiteElo "2249"]
[BlackElo "2602"]

1.e4 d6 2.d4 g6 3.Nc3 c6 4.Bc4 Bg7 5.Qf3 e6 6.Bf4 b5 7.Bb3 a5 8.a4 b4 9.Nce2 Ba6
10.h4 h6 11.h5 g5 12.Qg3 Nf6 13.e5 Nd5 14.Bxd5 cxd5 15.exd6 Nd7 16.O-O-O O-O
17.Bd2 f5 18.Qe3 Qf6 19.g3 e5 20.dxe5 Nxe5 21.Qd4 Qxd6  0-1

[Event "Geneve op"]
[Site "Geneve"]
[Date "1999.01.25"]
[Round "3"]
[White "Ibragimov, Ildar"]
[Black "Arlandi, Ennio"]
[Result "1-0"]
[WhiteElo "2602"]
[BlackElo "2445"]

1.d4 d5 2.c4 e6 3.Nc3 Be7 4.Nf3 Nf6 5.Qc2 O-O 6.Bg5 c5 7.dxc5 dxc4 8.e4 Qa5
9.Bxc4 Qxc5 10.Qe2 Nc6 11.O-O Rd8 12.Rad1 Bd7 13.e5 Ne8 14.Ne4 Qa5 15.Bxe7 Nxe7
16.Nfg5 Qxe5 17.Nxf7 Kxf7 18.Rxd7 Kf8 19.f4 Qa5 20.Rxd8  1-0

[Event "Novgorod op"]
[Site "Novgorod"]
[Date "1999.03.22"]
[Round "4"]
[White "Ibragimov, Ildar"]
[Black "Sargissian, Gabriel"]
[Result "1/2-1/2"]
[WhiteElo "2602"]
[BlackElo "2390"]

1.d4 d5 2.c4 e6 3.Nc3 Be7 4.Nf3 Nf6 5.Qc2 dxc4 6.e4 Nc6 7.e5 Nb4 8.Qb1 Nfd5
9.Bxc4 Bd7 10.O-O h6 11.Ne4 Nb6 12.Be2 a6 13.Nc5 Bb5 14.Bxb5+ axb5 15.Nxb7 Qd5
16.Nc5 O-O 17.Bd2 Nc6 18.Nb3 Ra4 19.Be3 Rfa8 20.Nc1 R4a6 21.b3 Nb4 22.Bd2 Qc6
23.Bxb4 Bxb4 24.Ne2 Nd5 25.Rc1 Nc3 26.Nxc3 Bxc3 27.a4 b4 28.Ra2 Rd8 29.Re2 Ra5
30.h3 Qb6 31.Qd3 c5 32.dxc5 Rxc5 33.Qe4 Rcd5 34.g3 Qa5 35.Kg2 Rd3 36.h4 Qd5
37.Qxd5 R8xd5 38.Rcc2 Rd1 39.Ra2 Rb1 40.Nd2 Bxd2 41.Rexd2 Rxd2 42.Rxd2 Rxb3
43.Rd8+  1/2-1/2

[Event "Novgorod op"]
[Site "Novgorod"]
[Date "1999.03.26"]
[Round "8"]
[White "Ibragimov, Ildar"]
[Black "Zakharevich, Igor"]
[Result "1/2-1/2"]
[WhiteElo "2602"]
[BlackElo "2532"]

1.e4 d6 2.d4 Nf6 3.Nc3 g6 4.Nf3 Bg7 5.Be2 O-O 6.O-O c5 7.d5 Na6 8.Nd2 Nc7
9.a4 b6 10.Re1 e6 11.Nc4 exd5 12.exd5 Ba6 13.Bf4 Bxc4 14.Bxc4 Nh5 15.Bd2 Be5
16.g3 Re8 17.Kg2 f5 18.Rb1 a6 19.b4 Rb8 20.f4 Bd4 21.bxc5 Bxc5 22.Qf3 Nf6
23.Qd3 Ra8 24.Rxe8+ Qxe8 25.Re1 Qf7 26.Re2 a5 27.Bc1 Re8 28.Bb2 Ng4 29.Nd1 Rxe2+
30.Qxe2 Qe8 31.Qxe8+ Nxe8 32.h3 Ne3+ 33.Nxe3 Bxe3 34.Kf3 Bc5 35.g4 Kf7 36.Bd3 Ng7
37.Ba6 h5 38.Bd3 hxg4+ 39.hxg4 Bb4 40.Bd4 Bc5 41.Bc3 Bg1 42.Kg3 Be3 43.Bb2 Kf8
44.Kf3 Bc5 45.Ba6 Kf7 46.Bc8 Bg1 47.Bc3 Bc5 48.Ke2 fxg4 49.Bxg4 Ne8 50.Kd3 Nc7
51.Bf3 Bf2 52.Be4 Na6 53.Kc4 Nc5 54.Bf3 Nxa4 55.Bd2 Nc5 56.Kb5 Bd4 57.Bc1 Ke7
58.Ba3 Nd7 59.Bc1 Nf6 60.Bd2 Nd7 61.Be4 Kf7 62.c3 Bc5 63.Bc2 Nf6 64.c4 Ng4
65.f5 gxf5 66.Bxf5 Ne5 67.Bc3 Kf6 68.Bc2 Ke7 69.Bxe5 dxe5 70.Kc6 Kd8 71.d6 Bd4
72.Kd5 Kd7 73.Ba4+ Kc8 74.Bc6  1/2-1/2

[Event "Metz op"]
[Site "Metz"]
[Date "1999.04.18"]
[Round "2"]
[White "Ibragimov, Ildar"]
[Black "Steimer, Michel"]
[Result "1-0"]
[WhiteElo "2602"]
[BlackElo "2111"]

1.d4 d5 2.c4 c6 3.Nc3 Nf6 4.Nf3 dxc4 5.a4 Bf5 6.Nh4 e6 7.Nxf5 exf5 8.e3 Bd6
9.Bxc4 O-O 10.h3 Ne4 11.O-O Qe7 12.f3 Ng3 13.Re1 Na6 14.e4 Rad8 15.Be3 Qh4
16.Bf2 Qf4 17.Qc1 fxe4 18.fxe4 Qxc1 19.Raxc1 Bf4 20.Rcd1 Nb4 21.Bb3 Rfe8
22.e5 h5 23.h4 b6 24.Bxg3 Bxg3 25.Re4 c5 26.Rf1 cxd4 27.Bxf7+ Kh8 28.Ne2 Bxe5
29.Rf5 g6 30.Rfxe5 Rxe5 31.Rxe5 d3 32.Nc3 Kg7 33.Bb3 Rd7 34.Rb5 Nc2 35.Rd5 Rxd5
36.Nxd5 Nd4 37.Bd1  1-0

[Event "MK Cafe Cup-A"]
[Site "Koszalin"]
[Date "1999.08.07"]
[Round "5"]
[White "Epishin, Vladimir"]
[Black "Ibragimov, Ildar"]
[Result "1/2-1/2"]
[WhiteElo "2657"]
[BlackElo "2554"]

1.d4 e6 2.c4 Bb4+ 3.Bd2 a5 4.Nf3 d5 5.a3 Bxd2+ 6.Nbxd2 Nf6 7.e3 O-O 8.Qc2 Nbd7
9.Rd1 b6 10.cxd5 exd5 11.Bb5 c5 12.O-O Bb7 13.Qf5 Qe7 14.Nb1 Rfd8 15.Nc3 Nf8
16.Na4 Rab8 17.Ne5 Ne4 18.Nc6 Bxc6 19.Bxc6 Qd6 20.Bb5 Ne6 21.f3 Nf6 22.Nc3 Nc7
23.Rfe1 g6 24.Qe5 Qxe5 25.dxe5 d4 26.exd4 cxd4 27.Ne2 Nxb5 28.exf6 a4 29.Ng3 Nc7
30.Re7 Ne6 31.Ne4 h6 32.Kf2 Rbc8 33.Rd2 g5 34.g3 Rc6 35.Ra7 b5 36.Ke2 Nc5
37.Nxc5 Rxc5 38.Re7 Rf5 39.Re4 d3+ 40.Ke3 Rxf6 41.Re5 Rfd6 42.h4 f6 43.Rxb5 Re8+
44.Kf2 Rde6 45.Rb4 Re2+ 46.Rxe2 Rxe2+ 47.Kf1 gxh4  1/2-1/2

[Event "SoLett op"]
[Site "Skelleftea"]
[Date "1999.09.05"]
[Round "9"]
[White "Ibragimov, Ildar"]
[Black "Ernst, Thomas"]
[Result "1/2-1/2"]
[WhiteElo "2554"]
[BlackElo "2409"]

1.Nf3 c5 2.c4 Nc6 3.Nc3 e5 4.e3 Nf6 5.Be2 d5 6.cxd5 Nxd5 7.Qa4 Nxc3 8.dxc3 Bd6
9.e4 O-O 10.O-O Bd7 11.Qc2 Qc7 12.Nd2 Na5 13.Rd1 Be6 14.Nf1 c4 15.Ne3 b5
16.Nd5 Bxd5 17.Rxd5 a6 18.Be3 Nb7 19.Rad1 Rad8 20.Bg4 Bc5 21.Rd7 Rxd7 22.Rxd7 Qc6
23.Bxc5 Nxc5 24.Rd5 Nd3 25.Be2 Nf4 26.Rd1 Qc7 27.g3 Nxe2+ 28.Qxe2 Rd8 29.Rd2 g6
30.Qd1 Rxd2 31.Qxd2 Qc6 32.f3 Kg7 33.Kg2 Qc5 34.g4 h6 35.h4 a5 36.a3 a4 37.g5 hxg5
38.hxg5 Kf8 39.Qd8+ Kg7 40.Qf6+ Kg8  1/2-1/2

[Event "Wichern op 5th"]
[Site "Hamburg"]
[Date "1999.10.15"]
[Round "1"]
[White "Ibragimov, Ildar"]
[Black "Ferkingstad, Sjur"]
[Result "1-0"]
[WhiteElo "2554"]
[BlackElo "2068"]

1.d4 f5 2.Nf3 Nf6 3.Bg5 Ne4 4.Bh4 g6 5.Nbd2 d5 6.Ne5 Bh6 7.e3 O-O 8.f3 Nxd2
9.Qxd2 Nd7 10.Bg3 Nxe5 11.Bxe5 c6 12.h4 Bg7 13.h5 Bxe5 14.dxe5 g5 15.h6 e6
16.O-O-O Bd7 17.e4 Be8 18.exf5 Rxf5 19.Bd3 Rxe5 20.g3 g4 21.f4 Rh5 22.Qe2 Rxh1
23.Qxe6+ Kf8 24.Qf5+ Bf7 25.Rxh1 Qe7 26.Qxh7 Qe3+ 27.Kb1 Re8 28.Qg7+ Ke7
29.h7  1-0

[Event "Wichern op 5th"]
[Site "Hamburg"]
[Date "1999.10.16"]
[Round "2"]
[White "Ehrke, Michael"]
[Black "Ibragimov, Ildar"]
[Result "0-1"]
[WhiteElo "2224"]
[BlackElo "2554"]

1.d4 d6 2.e4 g6 3.Nc3 c6 4.g3 Bg7 5.Bg2 b5 6.a3 a6 7.Nge2 Nf6 8.O-O O-O 9.e5 Nfd7
10.exd6 exd6 11.Bf4 Nf6 12.Qd2 Re8 13.Rae1 Ra7 14.Nc1 Rae7 15.Rxe7 Qxe7 16.Nd3 Qc7
17.Re1 Rxe1+ 18.Qxe1 Bf5 19.Ne4 Nxe4 20.Bxe4 Be6 21.Qb4 Bf8 22.Qd2 Qb6 23.c3 Nd7
24.Bh6 Bxh6 25.Qxh6 Nf6 26.Bg2 Bf5 27.Qe3 Bxd3 28.Qxd3 d5 29.Qe2 Qd8 30.Qe5 Ne8
31.h4 Nd6 32.Bf1 Nf5 33.Bd3 Ng7 34.Kg2 f6 35.Qe3 Qd6 36.Qe2 Kf7 37.a4 h5
38.a5 Ne6 39.b4 Kg7 40.Qe3 Nf8 41.Qd2 Ne6 42.Qe3 Qd7 43.Qd2 Nd8 44.Qf4 Nf7
45.Qf3 Qe6 46.Qd1 Nd6 47.Qc2 g5 48.hxg5 fxg5 49.Qd1 g4 50.Qh1 Qf7 51.Qe1 Qf3+
52.Kg1 Nf7 53.Bf1 Kf8 54.Bg2 Qf5 55.Qe3 Ng5 56.Kh2 Kf7 57.Kg1 Ne6 58.Qh6 Ke7
59.Qe3 Kd7 60.Qd2 Qg5 61.Qe1 h4 62.gxh4 Qxh4 63.Qe3 Qg5 64.Qg3 Qf4 65.Kh2 Ke7
66.Bf1 Kf6 67.Be2 Kg5 68.Bd1 Ng7 69.Kg2 Nf5 70.Qxf4+ Kxf4 71.Bc2 Nd6 72.Bg6 Kg5
73.Bh7 Ne4 74.c4 bxc4 75.Kf1 Kf4 76.Ke2 c3 77.Kd3 g3  0-1

[Event "Wichern op 5th"]
[Site "Hamburg"]
[Date "1999.10.18"]
[Round "5"]
[White "Ibragimov, Ildar"]
[Black "Gaprindashvili, Valerian"]
[Result "1-0"]
[WhiteElo "2554"]
[BlackElo "2390"]

1.d4 Nf6 2.c4 e6 3.Nc3 Bb4 4.e3 c5 5.Bd3 cxd4 6.exd4 d5 7.Nf3 dxc4 8.Bxc4 O-O
9.O-O b6 10.Bg5 Bb7 11.Rc1 Nc6 12.Qd3 Be7 13.Rfd1 Nd5 14.Bd2 Nxc3 15.bxc3 Rc8
16.Bb3 Na5 17.Bc2 f5 18.Bb3 Bd5 19.c4 Be4 20.Qe2 Ba3 21.Bxa5 Bxc1 22.Bb4 Bf4
23.Bxf8 Kxf8 24.g3 Bc7 25.d5 Bxf3 26.Qxf3 Qf6 27.c5 bxc5 28.dxe6 Rd8 29.e7+ Kxe7
30.Re1+ Kf8 31.Re6 Qd4 32.Kg2 g6 33.Qc6 Bb6 34.Re7 f4 35.Rxh7  1-0

[Event "ch-RUS KO"]
[Site "Moscow RUS"]
[Date "1999.12.15"]
[Round "1.1"]
[White "Sapunov,E"]
[Black "Ibragimov,I"]
[Result "0-1"]
[WhiteElo "2498"]
[BlackElo "2554"]

1.d4 e6 2.c4 Bb4+ 3.Bd2 a5 4.e4 d5 5.e5 Ne7 6.Nf3 Nbc6 7.Bc3 b6 8.cxd5 Nxd5
9.Bd3 Ba6 10.Bxa6 Rxa6 11.O-O Be7 12.Nbd2 Ra8 13.Re1 Qd7 14.Re4 a4 15.Rc1 a3
16.b3 Ncb4 17.Bxb4 Nxb4 18.Ra1 O-O 19.Nc4 b5 20.Ncd2 c5 21.Rg4 cxd4 22.Ne4 Kh8
23.Qxd4 Rad8 24.Qxd7 Rxd7 25.Nc3 Rfd8 26.h4 f5 27.Rg3 Nd3 28.Nxb5 Bc5 29.Kf1 Bxf2
30.Rh3 Bc5 31.b4 Bxb4 32.Nfd4 Nf4 33.Rf3 Rxd4 34.Nxd4 Rxd4 35.Rc1 h6 36.g3 Nd5
37.Rc6 Rd2 38.Rxe6 Rxa2 39.Ra6 Rd2 40.Ra8+ Kh7  0-1

[Event "ch-RUS KO"]
[Site "Moscow RUS"]
[Date "1999.12.18"]
[Round "2.4"]
[White "Ibragimov,I"]
[Black "Beshukov,S"]
[Result "1/2-1/2"]
[WhiteElo "2554"]
[BlackElo "2506"]

1.Nf3 Nf6 2.c4 g6 3.Nc3 Bg7 4.e4 c5 5.d4 cxd4 6.Nxd4 d6 7.Be2 Nc6 8.Be3 O-O
9.O-O Bd7 10.Qd2 Rc8 11.b3 a6 12.Rac1 b5 13.cxb5 Nxd4 14.Bxd4 axb5 15.b4 e5
16.Be3 Rxc3 17.Qxc3 Nxe4 18.Qc7 d5 19.f3 Nf6 20.Bg5 h6 21.Bh4 Re8 22.Qxd8 Rxd8
23.Rc5 g5 24.Bg3 Bf8 25.Bxe5 Bxc5+ 26.bxc5 Re8 27.Bxf6 Rxe2 28.Rf2 Re1+ 29.Rf1 Re6
30.Bd4 Ra6 31.Rf2 Ra4 32.Rd2 Rc4 33.a3 Bc6 34.Kf2 Kh7 35.f4 Kg6 36.fxg5 hxg5
37.g4 Ra4 38.Rd3 Bd7 39.Be3 Be6 40.h3 f5 41.gxf5+ Kxf5 42.Bd2 d4 43.Bb4 Ke4
44.Rg3 Ra6 45.Rxg5 Bxh3 46.c6 Rxc6 47.Rxb5 d3 48.Rb8 Be6 49.Rd8 Bd5 50.Re8+ Kd4
51.Rd8 Rc2+ 52.Ke1 Ke4 53.Re8+ Kf3 54.Bd2 Be4 55.Rf8+  1/2-1/2

[Event "ch-RUS KO"]
[Site "Moscow RUS"]
[Date "1999.12.19"]
[Round "3.1"]
[White "Shchekachev,A"]
[Black "Ibragimov,I"]
[Result "1-0"]
[WhiteElo "2505"]
[BlackElo "2554"]

1.e4 e5 2.Nf3 Nc6 3.Bb5 a6 4.Ba4 d6 5.Bxc6+ bxc6 6.d4 Nf6 7.O-O Be7 8.Re1 Nd7
9.Na3 f6 10.Nc4 Nb6 11.Na5 Bd7 12.c4 O-O 13.c5 Nc8 14.Be3 Qe8 15.Rc1 Rb8
16.Qc2 exd4 17.Nxd4 dxc5 18.Ndb3 Qg6 19.Nxc5 Bxc5 20.Bxc5 Re8 21.Qd3 Nd6
22.Bxd6 cxd6 23.Qxd6 Rb5 24.Qxd7 Rxa5 25.Rxc6 h5 26.Rc8 Rxc8 27.Qxc8+ Kh7
28.a3 Rb5 29.b4 a5 30.Qc6 Rg5 31.g3 h4 32.Qc3 axb4 33.axb4 Re5 34.Qd4 Qg4
35.Qe3 hxg3 36.hxg3 f5 37.Qd4 Rxe4 38.Rxe4 fxe4 39.b5 Qe6 40.Qc5 Qb3 41.Qh5+  1-0